书目信息 |
| 题名: |
工程制图及CAD
|
|
| 作者: | 沈凌 , 焦仲秋 , 郭景全 主编 | |
| 分册: | ||
| 出版信息: | 北京 人民交通出版社 2019.4 |
|
| 页数: | 156页 | |
| 开本: | 26cm | |
| 丛书名: | ||
| 单 册: | ||
| 中图分类: | TB237 | |
| 科图分类: | ||
| 主题词: | 工程制图--AutoCAD软件--高等职业教育--教材 | |
| 电子资源: | ||
| ISBN: | 978-7-114-10761-0 | |
| 000 | 00983nam0 2200265 45 | |
| 001 | 012001002178 | |
| 005 | 20140913135519.0 | |
| 010 | @a978-7-114-10761-0@dCNY30.00 | |
| 100 | @a20140122d2014 em y0chiy50 ea | |
| 101 | 0 | @achi |
| 102 | @aCN@b110000 | |
| 105 | @aa z 000yy | |
| 106 | @ar | |
| 200 | 1 | @a工程制图及CAD@Agong cheng zhi tu ji CAD@b专著@f沈凌,焦仲秋,郭景全主编 |
| 210 | @a北京@c人民交通出版社@d2019.4 | |
| 215 | @a156页@d26cm | |
| 300 | @a全国城市轨道交通专业高职高专规划教材 | |
| 330 | @a本书主要内容包括工程制图的基本知识、AutoCAD的基本操作、正投影和投影作图、工程形体的表达方法以及与轨道施工相关的内容、图示特点和读图方法,并用AutoCAD绘制建筑施工图的常用方法和技巧。 | |
| 606 | 0 | @a工程制图@xAutoCAD软件@x高等职业教育@j教材 |
| 690 | @aTB237@v5 | |
| 701 | 0 | @a沈凌@Ashen ling@c(职业教育)@4主编 |
| 701 | 0 | @a焦仲秋@Ajiao zhong qiu@4主编 |
| 701 | 0 | @a郭景全@Aguo jing quan@4主编 |
| 801 | 0 | @aCN@bBJSDL@c20211011 |
| 905 | @b1338739-42@dTB237@e219@f4 | |
| 工程制图及CAD/沈凌,焦仲秋,郭景全主编.-北京:人民交通出版社,2019.4 |
| 156页;26cm |
| 全国城市轨道交通专业高职高专规划教材 |
| ISBN 978-7-114-10761-0:CNY30.00 |
| 本书主要内容包括工程制图的基本知识、AutoCAD的基本操作、正投影和投影作图、工程形体的表达方法以及与轨道施工相关的内容、图示特点和读图方法,并用AutoCAD绘制建筑施工图的常用方法和技巧。 |
| ● |
| 相关链接 |
|
|
|
|
正题名:工程制图及CAD
索取号:TB237/219
 
预约/预借
| 序号 | 登录号 | 条形码 | 馆藏地/架位号 | 状态 | 备注 |
| 1 | 1338739 | 213387397 | 第二样本阅览室/ [索取号:TB237/219] | 在馆 | |
| 2 | 1338740 | 213387404 | 第三借阅区/ [索取号:TB237/219] | 在馆 | |
| 3 | 1338741 | 213387413 | 第三借阅区/ [索取号:TB237/219] | 在馆 | |
| 4 | 1338742 | 213387422 | 第三借阅区/ [索取号:TB237/219] | 在馆 |